<?xml version="1.0" encoding="UTF-8"?><?xml-stylesheet type="text/xsl" href="static/style.xsl"?><OAI-PMH xmlns="http://www.openarchives.org/OAI/2.0/" xmlns:xsi="http://www.w3.org/2001/XMLSchema-instance" xsi:schemaLocation="http://www.openarchives.org/OAI/2.0/ http://www.openarchives.org/OAI/2.0/OAI-PMH.xsd"><responseDate>2026-06-01T06:29:01Z</responseDate><request verb="GetRecord" identifier="oai:riuma.uma.es:10630/32794" metadataPrefix="marc">https://riuma.uma.es/rest/oai/request</request><GetRecord><record><header><identifier>oai:riuma.uma.es:10630/32794</identifier><datestamp>2026-02-03T11:11:51Z</datestamp><setSpec>com_10630_2254</setSpec><setSpec>col_10630_37953</setSpec></header><metadata><record xmlns="http://www.loc.gov/MARC21/slim" xmlns:dcterms="http://purl.org/dc/terms/" xmlns:doc="http://www.lyncode.com/xoai" xmlns:xsi="http://www.w3.org/2001/XMLSchema-instance" xsi:schemaLocation="http://www.loc.gov/MARC21/slim http://www.loc.gov/standards/marcxml/schema/MARC21slim.xsd">
   <leader>00925njm 22002777a 4500</leader>
   <datafield ind2=" " ind1=" " tag="042">
      <subfield code="a">dc</subfield>
   </datafield>
   <datafield ind2=" " ind1=" " tag="720">
      <subfield code="a">Horcas-Aguilera, José Miguel</subfield>
      <subfield code="e">author</subfield>
   </datafield>
   <datafield ind2=" " ind1=" " tag="720">
      <subfield code="a">Strüber, Daniel</subfield>
      <subfield code="e">author</subfield>
   </datafield>
   <datafield ind2=" " ind1=" " tag="720">
      <subfield code="a">Burdusel, Alexandru</subfield>
      <subfield code="e">author</subfield>
   </datafield>
   <datafield ind2=" " ind1=" " tag="720">
      <subfield code="a">Martínez, Jabier</subfield>
      <subfield code="e">author</subfield>
   </datafield>
   <datafield ind2=" " ind1=" " tag="720">
      <subfield code="a">Zschaler, Steffen</subfield>
      <subfield code="e">author</subfield>
   </datafield>
   <datafield ind2=" " ind1=" " tag="260">
      <subfield code="c">2023-03</subfield>
   </datafield>
   <datafield ind2=" " ind1=" " tag="520">
      <subfield code="a">Resultado de la colaboración internacional con el King's College London (KCL), la Universidad Tecnológica de Chalmers (Gotemburgo, Suecia), y TECNALIA (País Vasco) gracias a la estancia post-doctoral en el KCL (Londres, Reino Unido) en el Departamento de Informática bajo la supervisión del profesor Steffen Zschaler. El King's College London (KCL) se encuentra en el puesto \#31 del ranking mundial QS de Universidades en 2019, año de realización de la estancia. &#xd;
    En el artículo, se definen nuevos operadores de configuración para mantener la validez de las configuraciones de los modelos de características (o modelos de variabilidad) cuando se pasa de una configuración a otra. Se aplican los nuevos operadores a una búsqueda basada en algoritmos evolutivos sobre espacios de búsquedas colosales. Los resultados muestran una clara ventaja con respecto a las herramientas existentes en el estado del arte las cuales necesitan "arreglar" las configuraciones tras cada modificación.</subfield>
   </datafield>
   <datafield ind1="8" ind2=" " tag="024">
      <subfield code="a">https://hdl.handle.net/10630/32794</subfield>
   </datafield>
   <datafield ind1="8" ind2=" " tag="024">
      <subfield code="a">10.1109/TSE.2022.3171404</subfield>
   </datafield>
   <datafield tag="653" ind2=" " ind1=" ">
      <subfield code="a">Soporte lógico - Desarrollo</subfield>
   </datafield>
   <datafield ind2="0" ind1="0" tag="245">
      <subfield code="a">We’re Not Gonna Break It! Consistency-Preserving Operators for Efficient Product Line Configuration</subfield>
   </datafield>
</record>
</metadata></record></GetRecord></OAI-PMH>